header

Power sources and supplies (Record no. 120503)

MARC details
000 -LEADER
fixed length control field 01451nam a2200337 a 4500
082 04 - DEWEY DECIMAL CLASSIFICATION NUMBER
Classification number 621.31/7
245 00 - TITLE STATEMENT
Title Power sources and supplies
260 ## - PUBLICATION, DISTRIBUTION, ETC. (IMPRINT)
Place of publication Amsterdam ;
-- Boston :
Name of publisher Newnes/Elsevier,
Year of publication c2008.
300 ## - PHYSICAL DESCRIPTION
Number of Pages x, 381 p. :
Other physical details ill.
490 1# - SERIES STATEMENT
Series statement Newnes world class designs series
650 #0 - SUBJECT ADDED ENTRY--TOPICAL TERM
Topical Term Electric power supplies to apparatus
Topical Term Electronic apparatus and appliances
700 1# - ADDED ENTRY--PERSONAL NAME
Personal name Brown, Marty,
856 40 - ELECTRONIC LOCATION AND ACCESS
Uniform Resource Identifier http://site.ebrary.com/lib/rucke/Doc?id=10204341

No items available.

© 2026 Rongo University
Contact us: librarian | system librarian | Rongo university